00878nam a2200205 a 450000100100000000500170001000800410002702000180006804000250008608200170011110000390012824500590016726000500022630000170027650000330029350502580032665000390058465000340062365000150065700003846820201002031252.0130412s2013 dr 001 0 spa d a9789945872392 aDO-SdBNPbspacBNPHU a232.9bR579t1 aRincón Vásquez, Felipe,d1958-13aTeología sistemática /cFelipe Rincón Vásquez. aSanto Domingo :bProducciones Mirabal,c2013. av. ;c23 cm. aLa biblioteca posee el v. 1.0 gv.1.- El cristianismo: su historia y sus dogmas:tEl cristianismo definido --tEl cristianismo: su historia --tLa Biblia: la revelación del cristianismo --tLa doctrina cristiana acerca de Dios --gBibliografía --gGuía de estudio para la materia 4aCristianismoxHistoria y crítica 4aInterpretación de la biblia 4aJesucristo